La tumba de Lenin: los últimos días del imperio soviético
Na minha lista:
| Autor principal: | |
|---|---|
| Formato: | Livro |
| Idioma: | espanhol |
| Publicado em: |
Barcelona
Random House Mondadori
2012
|
| Edição: | 2a. ed |
| Assuntos: | |
| Tags: |
Adicionar Tag
Sem tags, seja o primeiro a adicionar uma tag!
|
MARC
| LEADER | 00000cam a2200000 a 4500 | ||
|---|---|---|---|
| 001 | UCF7500 | ||
| 003 | CL-VaPUC | ||
| 008 | 130627e20120100SP |||||||||||||||||spa|d | ||
| 020 | |a 9788499920146 | ||
| 082 | 0 | 4 | |a 947.0854 |b REM |2 21 |
| 100 | 0 | |a Remnick, David |e author |9 569542 | |
| 245 | 1 | 3 | |a La tumba de Lenin: los últimos días del imperio soviético |
| 250 | |a 2a. ed | ||
| 300 | |a 862 p | ||
| 942 | |c BK | ||
| 945 | |d 20130627 00:00:00 |a dcastane | ||
| 260 | |a Barcelona |b Random House Mondadori |c 2012 | ||
| 650 | 0 | |a Historia de Rusia |9 343091 | |
| 650 | 7 | |a REVOLUCION RUSA 1917 |2 CL-VaPUC |9 366175 | |
| 650 | 7 | |a MARXISMO |2 CL-VaPUC |9 569543 | |
| 650 | 0 | |a Partido comunista |9 340375 | |
| 650 | 0 | |a Historia política |9 256974 | |
| 583 | |a last modification |c 20130627 13:18:00 |k Rodrigo Vera | ||
| 999 | |c 352323 |d 352321 | ||
| 952 | |0 0 |1 0 |4 0 |6 947_085400000000000_REM_2012 |7 0 |8 A |9 456807 |a BIBHIS |b BIBHIS |d 2019-11-22 |i 4981901 |o 947.0854 REM 2012 |p 4981901 |r 2025-01-20 |w 2019-11-22 |y BK |k HIS | ||